Life-span communication (Record no. 13137)
[ view plain ]
| 000 -LEADER | |
|---|---|
| fixed length control field | 01789nam a2200385Ia 4500 |
| 001 - CONTROL NUMBER | |
| control field | 9781410613233 |
| 003 - CONTROL NUMBER IDENTIFIER | |
| control field | BD-DhSAU |
| 005 - DATE AND TIME OF LATEST TRANSACTION | |
| control field | 20151012151724.0 |
| 006 - FIXED-LENGTH DATA ELEMENTS--ADDITIONAL MATERIAL CHARACTERISTICS | |
| fixed length control field | m|||||o||d|||||||| |
| 007 - PHYSICAL DESCRIPTION FIXED FIELD--GENERAL INFORMATION | |
| fixed length control field | cr|||| |
| 008 - FIXED-LENGTH DATA ELEMENTS--GENERAL INFORMATION | |
| fixed length control field | 140411r20122005nyu ob 001 0 eng d |
| 020 ## - INTERNATIONAL STANDARD BOOK NUMBER | |
| International Standard Book Number | 9781410613233 (e-book : PDF) |
| 040 ## - CATALOGING SOURCE | |
| Original cataloging agency | BD-DhSAU |
| Transcribing agency | BD-DhSAU |
| 090 ## - LOCALLY ASSIGNED LC-TYPE CALL NUMBER (OCLC); LOCAL CALL NUMBER (OCLC) | |
| Classification number (OCLC) (R) ; Classification number, CALL (RLIN) (NR) | BF637.C45 |
| Local cutter number (OCLC) ; Book number/undivided call number, CALL (RLIN) | P43 2012 |
| 092 ## - LOCALLY ASSIGNED DEWEY CALL NUMBER (OCLC) | |
| Classification number | 153.6 |
| Item number | P365 |
| 100 1# - MAIN ENTRY--PERSONAL NAME | |
| Personal name | Pecchioni, Loretta L. |
| 245 10 - TITLE STATEMENT | |
| Title | Life-span communication |
| Medium | [electronic resource] / |
| Statement of responsibility, etc. | Loretta L. Pecchioni, Kevin B. Wright, Jon F. Nussbaum. |
| 260 ## - PUBLICATION, DISTRIBUTION, ETC. (IMPRINT) | |
| Place of publication, distribution, etc. | New York : |
| Name of publisher, distributor, etc. | Routledge, |
| Date of publication, distribution, etc. | 2012. |
| 300 ## - PHYSICAL DESCRIPTION | |
| Extent | xvi, 304 p. |
| 490 1# - SERIES STATEMENT | |
| Series statement | LEA's communication series |
| 500 ## - GENERAL NOTE | |
| General note | First published in 2005 by Lawrence Erlbaum Associates, Inc. |
| 504 ## - BIBLIOGRAPHY, ETC. NOTE | |
| Bibliography, etc | Includes bibliographical references and indexes. |
| 505 0# - FORMATTED CONTENTS NOTE | |
| Formatted contents note | 1. Introduction and overview : theoretical and methodological issues of communication across the life span -- 2. Foundations of communication : cognitive processing and language -- 3. Relational contexts -- 4. The changing nature of the self and relational networks across the life span -- 5. Leisure and media use throughout the life span -- 6. Summary : implications of life-span communication. |
| 530 ## - ADDITIONAL PHYSICAL FORM AVAILABLE NOTE | |
| Additional physical form available note | Also available in print edition. |
| 538 ## - SYSTEM DETAILS NOTE | |
| System details note | Mode of access: World Wide Web. |
| 650 #0 - SUBJECT ADDED ENTRY--TOPICAL TERM | |
| Topical term or geographic name as entry element | Interpersonal communication. |
| 650 #0 - SUBJECT ADDED ENTRY--TOPICAL TERM | |
| Topical term or geographic name as entry element | Communication |
| General subdivision | Psychological aspects. |
| 650 #0 - SUBJECT ADDED ENTRY--TOPICAL TERM | |
| Topical term or geographic name as entry element | Developmental psychology. |
| 655 #7 - INDEX TERM--GENRE/FORM | |
| Genre/form data or focus term | Electronic books. |
| Source of term | lcsh |
| 700 1# - ADDED ENTRY--PERSONAL NAME | |
| Personal name | Wright, Kevin B. |
| 700 1# - ADDED ENTRY--PERSONAL NAME | |
| Personal name | Nussbaum, Jon F. |
| 776 1# - ADDITIONAL PHYSICAL FORM ENTRY | |
| International Standard Book Number | 0805841113 (case : alk. paper) |
| -- | 0805841121 (pbk. : alk. paper) |
| -- | 9780805841114 |
| -- | 9780805841121 |
| 830 #0 - SERIES ADDED ENTRY--UNIFORM TITLE | |
| Uniform title | LEA's communication series. |
| 856 40 - ELECTRONIC LOCATION AND ACCESS | |
| Uniform Resource Identifier | <a href="http://www.tandfebooks.com/isbn/9781410613233">http://www.tandfebooks.com/isbn/9781410613233</a> |
No items available.
